[Event "FICGS unrated 00003 email"]
[Site "FICGS email"]
[Date "2013.01.17"]
[Round "1"]
[White "Jabot, Daniel"]
[Black "Piecuch, Patryk"]
[Result "1-0"]
[WhiteElo "1948"]
[BlackElo "1332"]
[PlyCount "39"]
[EventDate "2013.??.??"]
[EventType "swiss (corr)"]
[EventRounds "1"]
[SourceTitle "Corr 2022"]
[Source "ChessBase"]
[SourceDate "2021.10.24"]
[SourceVersion "1"]
[SourceVersionDate "2021.10.24"]
[SourceQuality "1"]

1. e4 c5 2. Nf3 d6 3. d4 cxd4 4. Nxd4 Nf6 5. Nc3 Nc6 6. Bb5 Bd7 7. 0-0 g6 8. Be3 Bg7 9. f4 Ng4 10. Nxc6 bxc6 11. Bd4 e5 12. fxe5 dxe5 13. Bc5 cxb5 14. Qd5 Nh6 15. Rad1 Rc8 16. Rd3 Be6 17. Qb7 Qc7 18. Qxc7 Rxc7 19. Ba3 Bc4 20. Nd5 1-0

[Event "FICGS rapid D 000073 email"]
[Site "FICGS email"]
[Date "2012.11.24"]
[Round "1"]
[White "Stoyanov, Zdravko"]
[Black "Piecuch, Patryk"]
[Result "1-0"]
[WhiteElo "1312"]
[BlackElo "1449"]
[PlyCount "23"]
[EventDate "2012.??.??"]
[EventType "tourn (rapid)"]
[EventRounds "5"]
[SourceTitle "Corr 2022"]
[Source "ChessBase"]
[SourceDate "2021.10.24"]
[SourceVersion "1"]
[SourceVersionDate "2021.10.24"]
[SourceQuality "1"]

1. e4 e5 2. Nf3 Nc6 3. Bb5 a6 4. Bxc6 dxc6 5. h3 c5 6. d3 Bd6 7. 0-0 Ne7 8. Nc3 0-0 9. Bg5 f6 10. Be3 Be6 11. Re1 Qd7 12. Kh2 1-0

[Event "FICGS class D 000180 email"]
[Site "FICGS email"]
[Date "2012.02.22"]
[Round "1"]
[White "Plunkett, Louis"]
[Black "Piecuch, Patryk"]
[Result "1-0"]
[WhiteElo "1566"]
[BlackElo "1560"]
[PlyCount "57"]
[EventDate "2012.??.??"]
[EventType "tourn (corr)"]
[EventRounds "6"]
[SourceTitle "Corr 2022"]
[Source "ChessBase"]
[SourceDate "2021.10.24"]
[SourceVersion "1"]
[SourceVersionDate "2021.10.24"]
[SourceQuality "1"]

1. d4 Nf6 2. Nf3 g6 3. e3 Bg7 4. Be2 0-0 5. 0-0 c5 6. c3 b6 7. d5 e6 8. c4 d6 9. Nc3 exd5 10. cxd5 Bb7 11. e4 a6 12. a4 Re8 13. Bd3 Nbd7 14. Re1 Qc7 15. h3 c4 16. Bc2 Ne5 17. Nxe5 Rxe5 18. Bf4 Ree8 19. Bh2 Bh6 20. Qd4 Nd7 21. Qd1 Qc5 22. Rb1 b5 23. b4 cxb3 24. Rxb3 b4 25. Ne2 Rac8 26. Bb1 a5 27. Bd3 Re7 28. Bf4 Bxf4 29. Nxf4 1-0